000 00695nam a2200217Ii 4500
003 JO-AjNU
008 230605s9999||||xx |||||||||||||| ||und||
017 _a2012/3542
020 _a978-977-6225-20-0
040 _aJO-AjNU
_bara
_erda
_cJO-AjNU
041 _aara
050 1 4 _aK845.2012
100 3 _a يوسف، يوسف حسن ,
_eauthor
_944392
245 0 0 _aالعقود التجارية الإلكترونية الدولية
250 _aط1
264 3 1 _aالقاهرة : المركز القومى للاصدارات القانونية ، 2012
300 _a360ص
336 _atext
_btxt
_2rdacontent
337 _aunmediated
_bn
_2rdamedia
338 _avolume
_bnc
_2rdacarrier
999 _aA19163
_c22731
_d22731